On This Day: September 29th II Quiz Stats

 Plays Quiz Updated Sep 29, 2018

Score 0/7 Timer 03:00
0 Plays Today
Question Answer Wrong Answers
Pope John Paul II becomes the first pope to visit this historically Catholic European country.
1979
Ireland
86.5%
France
3.4%
Belgium
2.5%
Germany
5.8%
This Polish politician, the 2nd President of Poland and a Nobel Prize laureate, is born.
1943
Lech Wałęsa
82.4%
Donald Tusk
1.7%
Jarosław Kaczyński
9.1%
Aleksander Kwaśniewski
5.9%
The Port of Iloilo in this Asian country is opened to world trade by Queen Isabella II of Spain.
1855
Philippines
76.2%
Bangladesh
6.4%
Iran
2.5%
Japan
14.5%
The ______ Police of London are founded.
1829
Metropolitan
64.9%
Civic
0.9%
Municipal
6%
Royal
28.1%
Known today simply as ‘The Catch’, ______ makes an over-the-shoulder grab on a 460 foot hit by Vic Wertz during Game 1 of the World Series.
1954
Willie Mays
57.7%
Hank Aaron
12.7%
Mickey Mantle
18.6%
Roberto Clemente
9.5%
The convention establishing the European Organization for Nuclear Research, known as this, is signed.
1954
CERN
45.8%
OPEC
5.6%
EURON
34.7%
UNESCO
12.6%
The British Mandate for ______ takes effect.
1923
Palestine
41.2%
India
35.9%
New Zealand
8.4%
South Africa
13.9%

You're not logged in!

Compare scores with friends on all Sporcle quizzes.
OR
Log In

Sporcle TV

Today on Sporcle TV


Watch our educational content, quiz creation guides, and fun videos on Sporcle TV.

Show Comments

Extras

Top Quizzes Today


Score Distribution

Your Account Isn't Verified!

In order to create a playlist on Sporcle, you need to verify the email address you used during registration. Go to your Sporcle Settings to finish the process.

Report this User

Report this user for behavior that violates our Community Guidelines.

Details: